| 000 | 00604nam a22002171 4500 | ||
|---|---|---|---|
| 001 | med47001124 | ||
| 003 | DLC | ||
| 005 | 20260227111601.0 | ||
| 008 | 850304s1946 pauac b 00000 eng | ||
| 010 | _amed47001124 //r85 | ||
| 040 |
_aDLC/ICU _cICU |
||
| 043 | _an-us-tx | ||
| 050 | 0 |
_aR333 _b.N5 |
|
| 082 | 0 | _a610.9764 | |
| 100 | 1 | 0 |
_aNixon, Pat Ireland, _d1883-1965. |
| 245 | 1 | 4 |
_aThe medical story of early Texas, _b1528-1853 ... |
| 260 | 1 |
_a[Lancaster, Pa.] _c1946. |
|
| 300 |
_axv, 507 p. _billus., ports. _c25 cm. |
||
| 504 | _aBibliography: p. 489-502. | ||
| 650 | 0 |
_aMedicine _zTexas _xHistory. |
|
| 999 |
_c38266 _d38266 |
||